[Event "GER-ch 67th"]
[Site "Binz"]
[Date "1995.??.??"]
[Round "9"]
[White "Kuraszkiewicz, Michael"]
[Black "Bastian, Herbert"]
[Result "0-1"]
[WhiteElo "2280"]
[BlackElo "2345"]
[EventDate "1995.11.??"]
[PlyCount "74"]

1. d4 Nf6 2. c4 g6 3. Nc3 Bg7 4. e4 O-O 5. h3 d6 6. Bg5 c6 7. Nf3 Nbd7 8. Bd3 e5 9. d5 a6 10. O-O h6 11. Be3 c5 12. Qd2 Kh7 13. a3 Nh5 14. g3 f5 15. exf5 gxf5 16. g4 e4 17. Nxe4 fxe4 18. Bxe4+ Kh8 19. Bxh6 Qf6 20. Bg5 Qf7 21. gxh5 Qxh5 22. Qe3 Nf6 23. Nd2 Bxh3 24. Bg2 Bf5 25. Qg3 Nh7 26. Be3 Bxb2 27. Bf3 Qf7 28. Kh1 Qf6 29. Rae1 Rg8 30. Qh2 Be5 31. Bf4 Bxf4 32. Qxf4 Rg6 33. Ne4 Rh6+ 34. Kg1 Bxe4 35. Rxe4 Rg8+ 36. Bg4 Qh4 37. Kg2 Qh3+ 0-1

[Event "GER-ch 67th"]
[Site "Binz"]
[Date "1995.??.??"]
[Round "9"]
[White "Mainka, Romuald"]
[Black "Matthias, Heiner"]
[Result "1-0"]
[WhiteElo "2530"]
[BlackElo "2330"]
[EventDate "1995.11.??"]
[PlyCount "93"]

1. e4 c5 2. Nf3 d6 3. d4 cxd4 4. Nxd4 Nf6 5. Nc3 a6 6. Be3 e6 7. f3 Nc6 8. g4 Nd7 9. Qd2 Nde5 10. Be2 Nxd4 11. Bxd4 Nc6 12. Be3 b5 13. f4 Be7 14. Bf3 Bb7 15. O-O-O O-O 16. Qf2 Qb8 17. Kb1 Na5 18. g5 Nc4 19. Bc1 b4 20. Ne2 a5 21. Nd4 a4 22. f5 Ne5 23. Bg2 b3 24. cxb3 axb3 25. a3 Ra4 26. Qg3 Qa7 27. f6 Bd8 28. Nb5 Qc5 29. Qxb3 Bxe4+ 30. Bxe4 Rxe4 31. Nxd6 Re2 32. Qa4 Bb6 33. fxg7 Rb8 34. Ne4 Qc4 35. Nf6+ Kxg7 36. Qxc4 Nxc4 37. Nd7 Rb7 38. Nxb6 Rxb6 39. b4 Ra6 40. Rd3 e5 41. Rc3 Nd6 42. Bb2 Nb5 43. Rd3 Kg6 44. Rc1 Rxh2 45. Rc5 Nd4 46. Rxe5 Rh1+ 47. Ka2 1-0

[Event "GER-ch 67th"]
[Site "Binz"]
[Date "1995.??.??"]
[Round "9"]
[White "Meyer, Ingo"]
[Black "Krause, Ullrich"]
[Result "0-1"]
[WhiteElo "2305"]
[BlackElo "2260"]
[EventDate "1995.11.??"]
[PlyCount "76"]

1. b3 e5 2. Bb2 Nc6 3. e3 d5 4. Bb5 Bd6 5. f4 Qh4+ 6. g3 Qe7 7. Nf3 f6 8. O-O Bg4 9. Qe1 a6 10. Be2 e4 11. Nh4 Bxe2 12. Qxe2 Nh6 13. Nc3 Qf7 14. a3 Ne7 15. b4 c6 16. Na4 f5 17. Nc5 Bxc5 18. bxc5 O-O 19. Rab1 Rad8 20. Bd4 Rd7 21. Rb6 Ng6 22. Qh5 Nxh4 23. Qxh4 Qe7 24. Qh5 Qe8 25. Qg5 Qg6 26. Rfb1 Rff7 27. Be5 Qe6 28. h3 Kh8 29. Kf2 Ng8 30. Ke2 h6 31. Qh4 Kh7 32. g4 g5 33. gxf5 Qxf5 34. Qh5 Qg6 35. Qxg6+ Kxg6 36. Rf1 Ne7 37. fxg5 Rxf1 38. Kxf1 hxg5 0-1

[Event "GER-ch 67th"]
[Site "Binz"]
[Date "1995.??.??"]
[Round "9"]
[White "Molinaroli, Martin"]
[Black "Kachiani Gersinska, Ketino"]
[Result "0-1"]
[WhiteElo "2310"]
[BlackElo "2360"]
[EventDate "1995.11.??"]
[PlyCount "152"]

1. Nf3 Nf6 2. g3 g6 3. Bg2 Bg7 4. O-O O-O 5. c4 Nc6 6. d4 a6 7. Nc3 Rb8 8. a4 a5 9. e4 d6 10. h3 Nd7 11. d5 Nb4 12. Be3 c6 13. Qd2 Re8 14. Rad1 Na6 15. Nd4 Ne5 16. Qe2 Nb4 17. f4 Nd7 18. Nf3 Qc7 19. Kh2 cxd5 20. cxd5 Nc5 21. Nb5 Qb6 22. Rc1 Bd7 23. e5 Nxd5 24. Bxc5 dxc5 25. Ng5 Nc7 26. Nxc7 Qxc7 27. e6 Bxe6 28. Nxe6 fxe6 29. Qxe6+ Kh8 30. Rcd1 Red8 31. f5 Rd6 32. Qe4 gxf5 33. Qxf5 Rg6 34. Rf3 Be5 35. Kh1 Bxg3 36. Rd7 Qe5 37. Qxe5+ Bxe5 38. Rxe7 Bxb2 39. Rff7 Bg7 40. Rxb7 Re8 41. Rfe7 Rxe7 42. Rxe7 Bd4 43. Be4 Rg1+ 44. Kh2 Ra1 45. Kg3 Rxa4 46. Kf4 Ra1 47. Rxh7+ Kg8 48. Rc7 a4 49. Bd5+ Kf8 50. Ra7 a3 51. Ke4 Re1+ 52. Kf4 Bb2 53. h4 Rd1 54. Be6 c4 55. h5 c3 56. Bb3 Ra1 57. Ke3 Rh1 58. Rf7+ Ke8 59. Rf2 Ke7 60. Kd3 Rxh5 61. Kc2 Rh1 62. Ba2 Ra1 63. Kb3 Kd6 64. Rh2 Ke5 65. Rh5+ Kf4 66. Rh2 Kf3 67. Rc2 Rd1 68. Kc4 Rd2 69. Kb3 Ke2 70. Bb1 Kd1 71. Ka2 Ke2 72. Kb3 Ke1 73. Ka2 Kd1 74. Kb3 Ba1 75. Rxd2+ cxd2 76. Ka2 Kc1 0-1

[Event "GER-ch 67th"]
[Site "Binz"]
[Date "1995.??.??"]
[Round "9"]
[White "Mueller, Matthias"]
[Black "Lagunow, Alexander"]
[Result "0-1"]
[WhiteElo "2340"]
[BlackElo "2395"]
[EventDate "1995.11.??"]
[PlyCount "54"]

1. e4 c5 2. Nf3 d6 3. d4 cxd4 4. Nxd4 Nf6 5. Nc3 Nc6 6. Bg5 e6 7. Qd2 a6 8. O-O-O h6 9. Be3 Be7 10. f4 Nxd4 11. Bxd4 b5 12. Bd3 b4 13. Na4 Rb8 14. e5 Nd5 15. Bc4 O-O 16. Bxd5 exd5 17. exd6 Bxd6 18. Qf2 Qc7 19. f5 Bxh2 20. Be3 Bg3 21. Qf3 Re8 22. Kb1 Bxf5 23. Qxf5 Rxe3 24. Rxd5 Rbe8 25. Rhd1 Re1 26. b3 R8e5 27. Qf3 R5e2 0-1

[Event "GER-ch 67th"]
[Site "Binz"]
[Date "1995.??.??"]
[Round "9"]
[White "Odendahl, Reiner"]
[Black "Knuth, Hannes"]
[Result "1/2-1/2"]
[WhiteElo "2370"]
[BlackElo "2265"]
[EventDate "1995.11.??"]
[PlyCount "120"]

1. Nf3 Nf6 2. c4 g6 3. Nc3 Bg7 4. e4 d6 5. d4 O-O 6. Be2 e5 7. O-O Nc6 8. d5 Ne7 9. b4 Nh5 10. Re1 f5 11. c5 Nf4 12. Bxf4 fxe4 13. Bxe5 dxe5 14. Nxe4 Nxd5 15. Bc4 c6 16. Nd6 Be6 17. Qd2 Rxf3 18. gxf3 Qh4 19. Re4 Qh5 20. Rg4 e4 21. Rg5 e3 22. Qxe3 Nxe3 23. Bxe6+ Kf8 24. Rxh5 gxh5 25. Rb1 Nc2 26. Bc8 Rb8 27. b5 cxb5 28. Rxb5 Be5 29. Bxb7 Nd4 30. Rb4 Nc6 31. Rh4 Nd4 32. Kf1 Nb5 33. Bd5 Nxd6 34. cxd6 Bxd6 35. Rxh5 Kg7 36. Bb3 h6 37. h3 Rb7 38. Rd5 Bf4 39. Rd4 Be5 40. Re4 Bd6 41. f4 Rb4 42. Re6 Bc5 43. f5 Rf4 44. Rg6+ Kh7 45. Bg8+ Kh8 46. Be6 Rxf2+ 47. Ke1 Kh7 48. Bg8+ Kh8 49. f6 Bd4 50. f7 Rf5 51. Rxh6+ Kg7 52. Rd6 Bc5 53. Rd7 Rf3 54. h4 Rf4 55. h5 Rf5 56. Rc7 Rxh5 57. Bh7 Bf8 58. Bc2 Re5+ 59. Kd2 Re7 60. Rxe7 Bxe7 1/2-1/2

[Event "GER-ch 67th"]
[Site "Binz"]
[Date "1995.??.??"]
[Round "9"]
[White "Rudolf, Henrik"]
[Black "Vuckovic, Aleksandar"]
[Result "1/2-1/2"]
[WhiteElo "2280"]
[BlackElo "2290"]
[EventDate "1995.11.??"]
[PlyCount "57"]

1. e4 c5 2. Nf3 Nc6 3. d4 cxd4 4. Nxd4 g6 5. Nc3 Bg7 6. Be3 Nf6 7. Bc4 O-O 8. Bb3 a5 9. f3 d5 10. exd5 Nb4 11. Qd2 Nbxd5 12. Nxd5 Nxd5 13. Bh6 Bxh6 14. Qxh6 a4 15. Bxd5 Qxd5 16. Qe3 e5 17. Ne2 Bf5 18. Nc3 Qc4 19. Kf2 a3 20. b3 Qc6 21. Rac1 Rac8 22. Ne4 Rfd8 23. c3 Bxe4 24. fxe4 Qf6+ 25. Ke2 Qh4 26. h3 Qh5+ 27. g4 Qh4 28. Rcd1 Kg7 29. Rd5 1/2-1/2

[Event "GER-ch 67th"]
[Site "Binz"]
[Date "1995.??.??"]
[Round "9"]
[White "Schirm, Friedmar"]
[Black "Schaller, Sven"]
[Result "1-0"]
[WhiteElo "2315"]
[BlackElo "2275"]
[EventDate "1995.11.??"]
[PlyCount "129"]

1. Nf3 c5 2. g3 Nc6 3. Bg2 g6 4. c3 Bg7 5. d4 cxd4 6. cxd4 d5 7. Nc3 Nf6 8. Ne5 Ne4 9. Nxe4 Nxe5 10. dxe5 dxe4 11. Qxd8+ Kxd8 12. Bf4 h6 13. Bxe4 g5 14. Be3 Bxe5 15. O-O-O+ Ke8 16. h4 Be6 17. Kb1 Rg8 18. hxg5 hxg5 19. Bxb7 Bf5+ 20. Ka1 Bxb2+ 21. Kxb2 Rb8 22. Ka1 Rxb7 23. Bxg5 f6 24. Bf4 Kf7 25. f3 e5 26. g4 Bg6 27. Bd2 Rgb8 28. e4 Rb2 29. Bc3 Rc2 30. Rd3 Kg7 31. Rb1 Rc8 32. Rb7+ Kg8 33. Bd2 R2c7 34. Rxc7 Rxc7 35. Kb2 Bf7 36. a3 Bc4 37. Rd6 Kf7 38. Bc3 Rb7+ 39. Kc2 Ke7 40. Rd2 Bb3+ 41. Kc1 Be6 42. Bb4+ Kf7 43. Rh2 Rd7 44. Kc2 Bc4 45. Rh7+ Ke6 46. Rh6 Kf7 47. Bc3 Kg7 48. g5 fxg5 49. Rc6 Be2 50. Bxe5+ Kh7 51. Rf6 Rd3 52. Rf7+ Kg6 53. Rg7+ Kh5 54. Rh7+ Kg6 55. Rh2 Rxf3 56. Rxe2 Rxa3 57. Bb2 Ra6 58. Kd3 g4 59. e5 Kf7 60. Ke4 Ke6 61. Bd4 g3 62. Re3 g2 63. Re2 Ra1 64. Rxg2 Re1+ 65. Be3 1-0

[Event "GER-ch 67th"]
[Site "Binz"]
[Date "1995.??.??"]
[Round "9"]
[White "Schulz, Karsten"]
[Black "Boehnisch, Manfred"]
[Result "1-0"]
[WhiteElo "2315"]
[BlackElo "2315"]
[EventDate "1995.11.??"]
[PlyCount "81"]

1. Nf3 d5 2. b4 c6 3. Bb2 Bg4 4. e3 Nd7 5. c4 e5 6. h3 Bxf3 7. Qxf3 Ngf6 8. cxd5 cxd5 9. Bb5 Bd6 10. Nc3 e4 11. Qf5 a6 12. Bxd7+ Qxd7 13. Qxd7+ Kxd7 14. Na4 Ke6 15. Bxf6 gxf6 16. Ke2 Rac8 17. a3 Rhg8 18. g3 b5 19. Nc3 Be5 20. Rhc1 Rc4 21. a4 Rgc8 22. axb5 axb5 23. Ra6+ Kf5 24. Rb6 Rxb4 25. Nxd5 Rxc1 26. Nxb4 Rh1 27. h4 Rh2 28. Rxb5 Kg4 29. Nd5 Kh3 30. Nc3 Bxg3 31. Nxe4 Bxh4 32. Rh5 Kg2 33. Rxh7 f5 34. Rg7+ Kh1 35. Ng3+ Bxg3 36. Rxg3 Rh6 37. Kf3 Rf6 38. Kf4 Kh2 39. Rg5 Rb6 40. d4 Rb5 41. Rxf5 1-0

[Event "GER-ch 67th"]
[Site "Binz"]
[Date "1995.??.??"]
[Round "9"]
[White "Siebrecht, Sebastian"]
[Black "Maiwald, Jens Uwe"]
[Result "1-0"]
[WhiteElo "2325"]
[BlackElo "2485"]
[EventDate "1995.11.??"]
[PlyCount "107"]

1. d4 d6 2. g3 c6 3. Bg2 Nd7 4. e4 e5 5. Ne2 Ngf6 6. O-O Be7 7. Nbc3 O-O 8. a4 b6 9. d5 Bb7 10. h3 a6 11. Be3 Qc7 12. Qd2 Rfc8 13. f4 b5 14. Rac1 cxd5 15. exd5 Qa5 16. Rcd1 Rc7 17. Kh2 Rac8 18. axb5 axb5 19. b4 Qxb4 20. Rb1 Qc4 21. Rxb5 Ba6 22. Ra5 Rb8 23. Rfa1 Bc8 24. R1a4 Rb4 25. Qc1 Rcb7 26. Qa3 Rxa4 27. Rxa4 Qc7 28. Qa2 exf4 29. Bxf4 Nb6 30. Ra6 Bd7 31. Qa5 g5 32. Be3 Nc4 33. Qxc7 Rxc7 34. Bd4 Ne8 35. g4 f5 36. gxf5 Bxf5 37. Ne4 Bxe4 38. Bxe4 Nd2 39. Bf5 Nf3+ 40. Kg3 Nxd4 41. Nxd4 Rc3+ 42. Kg2 Nc7 43. Ra7 Bf6 44. Nc6 Nb5 45. Bxh7+ Kh8 46. Rf7 Bg7 47. Bd3 Na3 48. Rf2 Nc4 49. Re2 Ne5 50. Nxe5 Bxe5 51. Kf3 Kg7 52. Kg4 Kh6 53. Kf5 Rc8 54. Rxe5 1-0

[Event "GER-ch 67th"]
[Site "Binz"]
[Date "1995.??.??"]
[Round "9"]
[White "Slobodjan, Roman"]
[Black "Stern, Rene"]
[Result "1-0"]
[WhiteElo "2500"]
[BlackElo "2435"]
[EventDate "1995.11.??"]
[PlyCount "159"]

1. e4 e5 2. Nf3 Nc6 3. Nc3 Nf6 4. d4 exd4 5. Nxd4 Bb4 6. Nxc6 bxc6 7. Bd3 d5 8. exd5 cxd5 9. O-O O-O 10. Bg5 c6 11. Qf3 Re8 12. h3 Bd6 13. Rae1 Be5 14. Bf4 Bxf4 15. Rxe8+ Qxe8 16. Qxf4 Be6 17. Na4 Qf8 18. Qc7 Qb8 19. Qa5 Nd7 20. Re1 h6 21. a3 Qf4 22. Nc5 Nxc5 23. Qxc5 Qc7 24. b4 Qb6 25. Qd6 Rd8 26. Qe7 a5 27. Re3 axb4 28. axb4 Qb8 29. Rg3 Kh8 30. Qh4 Qd6 31. Qd4 Qf8 32. Kh2 Rc8 33. c3 f6 34. Bb1 c5 35. Qd3 Bg8 36. bxc5 Rxc5 37. Re3 Qb8+ 38. g3 Qf8 39. Qg6 Rc8 40. h4 Qf7 41. Qg4 Rd8 42. Bg6 Qa7 43. h5 Qb6 44. Qd4 Qd6 45. Kg2 Qf8 46. Kf3 Qd6 47. Kg2 Qf8 48. Kf1 Qd6 49. Re1 Qc7 50. Ra1 Rc8 51. Ra7 Qxc3 52. Qxc3 Rxc3 53. Ra8 Rc7 54. Ke2 Re7+ 55. Kd3 Rb7 56. g4 Re7 57. Rc8 Ra7 58. Kc3 Rb7 59. f3 Ra7 60. Rd8 Rb7 61. Kd4 Rc7 62. Kd3 Ra7 63. Kc3 Rb7 64. f4 Rc7+ 65. Kb4 Rb7+ 66. Kc5 Rc7+ 67. Kd6 Ra7 68. Kc6 Re7 69. Ra8 Re6+ 70. Kd7 Rb6 71. Kc7 Re6 72. Rd8 Re3 73. Bf5 Re7+ 74. Kd6 Ra7 75. Re8 g6 76. hxg6 Kg7 77. Bd7 Ra6+ 78. Kc5 d4 79. Bb5 Re6 80. Rxg8+ 1-0

[Event "GER-ch 67th"]
[Site "Binz"]
[Date "1995.??.??"]
[Round "9"]
[White "Vatter, Hans Joachim"]
[Black "Teske, Henrik"]
[Result "1/2-1/2"]
[WhiteElo "2385"]
[BlackElo "2500"]
[EventDate "1995.11.??"]
[PlyCount "27"]

1. e4 c5 2. c3 e5 3. Nf3 Nc6 4. d4 cxd4 5. cxd4 exd4 6. Nxd4 Nf6 7. Nxc6 dxc6 8. Qxd8+ Kxd8 9. f3 Bb4+ 10. Bd2 Bxd2+ 11. Nxd2 Be6 12. Bc4 Ke7 13. Ke2 Rhd8 14. Rac1 1/2-1/2

[Event "GER-ch 67th"]
[Site "Binz"]
[Date "1995.??.??"]
[Round "9"]
[White "Zude, Arno"]
[Black "Bischoff, Klaus"]
[Result "1/2-1/2"]
[WhiteElo "2405"]
[BlackElo "2550"]
[EventDate "1995.11.??"]
[PlyCount "36"]

1. e4 c5 2. Nf3 e6 3. d4 cxd4 4. Nxd4 a6 5. Bd3 Nf6 6. c4 Nc6 7. Nxc6 dxc6 8. O-O e5 9. Qc2 Bc5 10. Nd2 O-O 11. Nb3 Be7 12. Be2 a5 13. Be3 a4 14. Nd2 Bg4 15. Rfe1 Bxe2 16. Rxe2 Ng4 17. Nf3 Nxe3 18. Rxe3 Qa5 1/2-1/2